| 000 | 02486nam a2200541 c 4500 | ||
|---|---|---|---|
| 001 | 4976 | ||
| 003 | ES-MaCES | ||
| 005 | 20141221121744.0 | ||
| 008 | 970218s1996 sp ||| | spa d | ||
| 017 |
_aM-45.845-1996 _bDL |
||
| 020 | _a8474349338 | ||
| 024 | 7 |
_a201-96-038-2 _2nipo |
|
| 035 | _aCES19980050151m | ||
| 040 |
_aES-MaCES _bspa _cES-MaCES |
||
| 111 | 2 |
_aJornadas de Estudio sobre la Negociación Colectiva _n9ª _d1996 _cMadrid _9187 |
|
| 245 | 1 | 3 |
_aLa aplicación de la reforma del Estatuto de los Trabajadores en la negociación colectiva _b: IX Jornadas de Estudio sobre la Negociación Colectiva, Madrid, 6 de junio de 1996 _cedición preparada por [la] Comisión Consultiva Nacional de Convenios Colectivos |
| 260 |
_aMadrid _bMinisterio de Trabajo y Asuntos Sociales, Subdirección General de Publicaciones _cD.L. 1996 |
||
| 300 |
_a316 p. _c22 cm |
||
| 490 | 1 |
_aColección Informes y estudios. Serie Relaciones laborales _v18 |
|
| 500 | _aIncluye: Informe negociación colectiva 1995 ; Memoria de actividades / Comisión Consultiva Nacional de Convenios Colectivos | ||
| 541 | _cGratuito | ||
| 610 | 1 | 4 |
_aComisión Consultiva Nacional de Convenios Colectivos (España) _92011 |
| 650 | 4 |
_aEstatuto de los Trabajadores _930784 |
|
| 650 | 4 |
_areforma legislativa _929892 |
|
| 650 | 4 |
_a1994 _930780 |
|
| 650 | 4 |
_aaplicación _929859 |
|
| 650 | 4 |
_anegociación colectiva _928362 |
|
| 650 | 4 |
_asalario _928387 |
|
| 650 | 4 |
_aterminación de la relación de trabajo _929986 |
|
| 650 | 4 |
_adespido _928352 |
|
| 650 | 4 |
_aconflicto de trabajo _928367 |
|
| 650 | 4 |
_aconciliación _927303 |
|
| 650 | 4 |
_aderecho del trabajo _927165 |
|
| 650 | 4 |
_aEspaña _926964 |
|
| 650 | 4 |
_ainforme de actividades _928984 |
|
| 650 | 4 |
_amemoria anual _928977 |
|
| 650 | 4 |
_a1995 _930872 |
|
| 650 | 4 |
_aconferencia _927013 |
|
| 653 | 1 | 0 | _aRelaciones laborales-Empleo |
| 710 | 1 |
_aComisión Consultiva Nacional de Convenios Colectivos (España) _ecol. _92011 |
|
| 710 | 1 |
_aEspaña _bMinisterio de Trabajo y Asuntos Sociales _eed. _93273 |
|
| 740 | 0 | 2 | _aInforme negociación colectiva 1995 / Comisión Consultiva Nacional de Convenios Colectivos |
| 740 | 0 | 2 | _aMemoria de actividades 1995 / Comisión Consultiva Nacional de Convenios Colectivos |
| 830 | 0 |
_aColección Informes y estudios (España. Ministerio de Trabajo y Asuntos Sociales) _pSerie Relaciones laborales _v18 _932527 |
|
| 902 | _aLIB Libro | ||
| 942 |
_2CES _cBK _h2.0. |
||
| 999 |
_c4976 _d4976 |
||